Química de sólidos /

Guardado en:
Autor Principal: Bazán, Julio César.
Autor Corporativo: Organización de los Estados Americanos (OEA). Programa Regional de Desarrollo Científico y Tecnológico.
Formato: Libro
Idioma:Spanish
Publicado: Washington, D.C. : Secretaría General de la Organización de los Estados Americanos, Programa Regional de Desarrollo Científico y Tecnológico, 1984.
Series:Serie de química ; monografía no. 28
Materias:
Etiquetas: Agregar Etiqueta
Sin Etiquetas, Sea el primero en etiquetar este registro!
LEADER 00921nam a22002175a 4500
001 EIQ.libpla003798
008 080318s1984####dcua#####b####000#0#spa#d
005 20080318173828.0
245 1 0 |a Química de sólidos /  |c por Julio César Bazán. 
260 |a Washington, D.C. :  |b Secretaría General de la Organización de los Estados Americanos, Programa Regional de Desarrollo Científico y Tecnológico,  |c 1984. 
300 |a vi, 108 p. :  |b il. ;  |c 23 cm. 
440 0 |a Serie de química ;  |v monografía no. 28 
504 |a Bibliografía: p. 103. 
100 1 |a Bazán, Julio César. 
710 2 |a Organización de los Estados Americanos (OEA).  |b Programa Regional de Desarrollo Científico y Tecnológico. 
650 4 |a Química  |x Sólidos. 
650 4 |a Química  |x Estructura. 
650 4 |a Chemistry  |x Solids. 
650 4 |a Chemistry  |x Structure. 
040 |a AR-BbSID  |b spa  |c AR-BbSID 
859 |a AR-BbSID  |b BIB. PLAPIQUI  |h 541.28  |i B 347  |p 5248